000 00826nam a2200229 a 4500
001 39703
003 BD-RjUL
005 20211209053037.0
008 160416s2014 bg a|||| b||| 00| 0 ben d
020 _a9789848934692
_c:TK.250
035 _a(BD-RjUL)39816
040 _aBD-RjUL
_bben
_cBD-RjUL
041 _aben
082 _223
_a363.7
_bPAU 2014
100 _aপাল, নিশীথ কুমার
_9121656
245 1 0 _aউচ্চতর পরিবেশবিজ্ঞান /
_cনিশীথ কুমার পাল
260 _aঢাকা :
_bআলেয়া বুক ডিপো,
_c২০১৪
300 _a২৭৮ পৃ. :
_bচিএ ;
_c২৩ সেমি.
650 _aপরিবেশ বিজ্ঞান
_9122298
650 _aEnvironmental sciences
_9124688
942 _2ddc
_cBK
_01
999 _c39703
_d39703